Le plus gros PIB de chaque continent! - Statistiques

Statistiques générales
  • Ce quiz a été pris 235 fois
  • Le résultat moyen est 26 sur 30
Statistiques - réponses
Afrique Réponse % Correct
U$ 2,846 trillions France
98%
U$ 1,53 trillions Canada
97%
U$ 18,57 trillions États Unis
97%
U$ 3,467 trillions Allemagne
96%
U$ 11,2 trillions Chine
96%
U$ 1,046 trillions Mexique
96%
U$ 1,205 trillions Australie
95%
U$ 1,8 trillion Brésil
94%
U$ 1,85 trillions Italie
94%
U$ 336,3 milliard Egypte
93%
U$ 4,939 trillions Japon
93%
U$ 185 milliard Nouvelle-Zélande
93%
U$ 294,8 milliard Afrique du Sud
92%
U$ 545,9 milliard Argentine
92%
U$ 2,264 trillions Inde
92%
U$ 2,619 trillions Royaume-Uni
92%
U$ 156,1 milliard Algerie
91%
U$ 282,5 milliard Colombie
89%
U$ 1,283 trillions Russie
89%
U$ 247,0 milliard Chili
88%
U$ 101,8 milliard Maroc
87%
U$ 1,411 trillions Corée du Sud
82%
U$ 932,3 milliard Indonesie
82%
U$ 405,1 milliard Nigeria
82%
U$ 404,1 milliard Venezuela
81%
U$ 4,632 milliard Fidji
71%
U$ 67,8 milliard Guatemala
62%
U$ 19,9 milliard Papouasie-Nouvelle-Guinée
59%
U$ 1,202 milliard Îles Salomon
51%
U$ 98,7 milliard Republique Dominicaine
51%
Aucun quiz correspondant
Distribution des résultats
% des personnes avec chaque résultat
Percentile par nombre de réponses
Votre historique - résultats
Vous n’avez pas pris ce quiz